| 000 | 00422nam a22001457a 4500 | ||
|---|---|---|---|
| 003 | SGT | ||
| 082 |
_a617.3 _bS22D |
||
| 100 | _aDAYANAND, AHIR VIPULKUMAR | ||
| 245 | _aTO STUDY THE FUNCTIONAL OUTCOME OF INTRAARTICULAR AUTOLOGOUS PLATELET RICH PLASMA (PRP) IN MANAGEMENT OF OSTEOARTHRITIS KNEE | ||
| 260 |
_aGURUGRAM _bSGTU _c2022 |
||
| 300 | _a79 | ||
| 650 | _aORTHOPEDIC SURGERY | ||
| 653 | _aMS | ||
| 942 |
_2ddc _cTH |
||
| 999 |
_c33190 _d33190 |
||